Ретроспективный анализ поступления делящихся радионуклидов в древесные растения; Проблемы геологии и освоения недр; Т. 3

Podrobná bibliografie
Parent link:Проблемы геологии и освоения недр: труды X Международного симпозиума имени академика М. А. Усова студентов и молодых ученых, посвященного 100-летию первого выпуска сибирских инженеров и 110-летию основания ТПУ; г. Томск, 3-8 апреля 2006 г./ Томский политехнический университет (ТПУ); Институт геологии и нефтегазового дела; под ред. В. А. Домаренко.— , 2007
Т. 3.— 2007.— С. 81-83
Hlavní autor: Фетисова Ю. Л.
Další autoři: Рихванов Л. П. Леонид Петрович (научный руководитель), Коваленко В. В.
Jazyk:ruština
Vydáno: 2007
Témata:
Médium: MixedMaterials Kapitola
KOHA link:https://koha.lib.tpu.ru/cgi-bin/koha/opac-detail.pl?biblionumber=127745

MARC

LEADER 00000naa2a2200000 4500
001 127745
005 20231031132344.0
035 |a (RuTPU)RU\TPU\book\138192 
090 |a 127745 
100 |a 20071219d2007 k y0rusy50 ca 
101 0 |a rus 
102 |a RU 
200 1 |a Ретроспективный анализ поступления делящихся радионуклидов в древесные растения  |f Ю. Л. Фетисова  |g науч. рук. Л. П. Рихванов ; В. В. Коваленко 
320 |a Библиогр.: 2 назв. 
461 0 |0 (RuTPU)RU\TPU\book\132777  |t Проблемы геологии и освоения недр  |o труды X Международного симпозиума имени академика М. А. Усова студентов и молодых ученых, посвященного 100-летию первого выпуска сибирских инженеров и 110-летию основания ТПУ; г. Томск, 3-8 апреля 2006 г.  |f Томский политехнический университет (ТПУ); Институт геологии и нефтегазового дела; под ред. В. А. Домаренко  |d 2007 
463 0 |0 (RuTPU)RU\TPU\book\93778  |t Т. 3  |v С. 81-83  |d 2007  |p 244 с. 
610 1 |a радионуклиды 
610 1 |a ретроспективный анализ 
610 1 |a древесные растения 
610 1 |a радиационное загрязнение 
610 1 |a деревья 
610 1 |a техногенные загрязнения 
610 1 |a труды учёных ТПУ 
700 1 |a Фетисова  |b Ю. Л. 
702 1 |a Рихванов  |b Л. П.  |c российский ученый, геолог  |c профессор Томского политехнического университета, доктор геолого-минералогических наук  |c заслуженный геолог РФ  |c почетный работник высшего образования РФ  |f 1945-  |g Леонид Петрович  |2 stltpush  |3 (RuTPU)RU\TPU\pers\23187  |4 727 
702 1 |a Коваленко  |b В. В.  |4 727 
801 1 |a RU  |b 63413507  |c 20071219  |g PSBO 
801 2 |a RU  |b 63413507  |c 20100412  |g RCR 
942 |c BK